Bharti`s Comprehensive Dictionary (Record no. 248047)

MARC details
000 -LEADER
fixed length control field 00297pam a2200121 a 4500
020 ## - INTERNATIONAL STANDARD BOOK NUMBER
Terms of availability
041 ## - LANGUAGE CODE
Language code of original
100 ## - MAIN ENTRY--PERSONAL NAME
Personal name Sharma J.P. & Goal.,
Relator term Author.
245 ## - TITLE STATEMENT
Title Bharti`s Comprehensive Dictionary
Medium Textual Documents
260 ## - PUBLICATION, DISTRIBUTION, ETC.
Place of publication, distribution, etc. [s.l]:
Name of publisher, distributor, etc. Visha Bharati Prakashan
300 ## - PHYSICAL DESCRIPTION
Extent 800.
930 ## - EQUIVALENCE OR CROSS-REFERENCE-UNIFORM TITLE HEADING [LOCAL, CANADA]
Uniform title 2196
Holdings
Withdrawn status Lost status Damaged status Not for loan Collection Home library Current library Date acquired Cost, normal purchase price Total Checkouts Full call number Barcode Date last seen Copy number Price effective from Koha item type
          Institute of Environment Education & Research, Pune Institute of Environment Education & Research, Pune 21/03/2016 230.00   EVP-P343 03/04/2023 1 03/04/2023 Book